000 00433nam a22001697a 4500
003 NUST - PNEC
005 20170116181108.0
008 150730b xxu||||| |||| 00| 0 eng d
020 _a9788131717400
040 _cLIBRARY
082 _a519.4 GER
100 _94574
_aGerald, Curtis F.
245 _aApplied numerical analysis
_cCurtis F. Gerald
250 _a7th ed
650 _94577
_aNumerical analysis
_xMIs
942 _2ddc
_cBK
999 _c68985
_d68985